Survivor's guide to technical writing / (Record no. 186331)
[ view plain ]
| 000 -LEADER | |
|---|---|
| fixed length control field | 00971 a2200193 4500 |
| 003 - CONTROL NUMBER IDENTIFIER | |
| control field | Nust |
| 005 - DATE AND TIME OF LATEST TRANSACTION | |
| control field | 20230526122335.0 |
| 010 ## - LIBRARY OF CONGRESS CONTROL NUMBER | |
| LC control number | 2002281209 |
| 020 ## - INTERNATIONAL STANDARD BOOK NUMBER | |
| International Standard Book Number | 0538970286 |
| 040 ## - CATALOGING SOURCE | |
| Transcribing agency | Nust |
| 082 00 - DEWEY DECIMAL CLASSIFICATION NUMBER | |
| Classification number | 808.0666,ING |
| 100 1# - MAIN ENTRY--PERSONAL NAME | |
| Personal name | Ingre, David. |
| 9 (RLIN) | 29497 |
| 245 10 - TITLE STATEMENT | |
| Title | Survivor's guide to technical writing / |
| Statement of responsibility, etc. | David Ingre. |
| 260 ## - PUBLICATION, DISTRIBUTION, ETC. | |
| Place of publication, distribution, etc. | Mason, OH : |
| Name of publisher, distributor, etc. | South-Western/Thomson Learning, |
| Date of publication, distribution, etc. | c2003. |
| 300 ## - PHYSICAL DESCRIPTION | |
| Extent | 325 p. : |
| Other physical details | ill. ; |
| Dimensions | 26 cm. + |
| Accompanying material | 1 CD-ROM (4 3/4 in.) |
| 505 ## - FORMATTED CONTENTS NOTE | |
| Formatted contents note | Building a Foundation (Page-1), Communication Models and the CMAPP Analysis (Page-15), The Technical writing process (Page-39), Research and References (Page-59), Communicating with Graphics and Visuals (Page-79), Describing, Instructing, persuading and Summarizing (Page-107), letters , memos and Electronic Correspondence (Page-137), Reports (Page-165), Proposals (Page-195), Effective presentations (Page-209), Seeking Employment (Page-233). |
| 650 #0 - SUBJECT ADDED ENTRY--TOPICAL TERM | |
| Topical term or geographic name entry element | Technical writing. |
| 942 ## - ADDED ENTRY ELEMENTS (KOHA) | |
| Source of classification or shelving scheme | |
| Koha item type | Book |
| Withdrawn status | Lost status | Source of classification or shelving scheme | Damaged status | Not for loan | Permanent Location | Current Location | Shelving location | Date acquired | Full call number | Barcode | Date last seen | Price effective from | Koha item type | Public note |
|---|---|---|---|---|---|---|---|---|---|---|---|---|---|---|
| Military College of Signals (MCS) | Military College of Signals (MCS) | General Stacks | 12/12/2016 | 808.0666,ING | MCS30976 | 12/08/2016 | 12/12/2016 | Book | Almirah No.75, Shelf No.3 | |||||
| Military College of Signals (MCS) | Military College of Signals (MCS) | General Stacks | 03/29/2023 | 808.0666,ING | MCS30977 | 03/29/2023 | 03/29/2023 | Book | Almirah No.56, Shelf No.2 |
